000 00279nam a2200121 a 4500
008 100921s1975|||| d
245 1 0 _aPovesť o Tajge
100 1 _aFedosejev, Grigorij
260 _bPravda
_aBratislava
_c1975
020 _c18
044 _axo
_cSK
041 _aslo
999 _c10565
_d10565